Trayectoria de la inversión extranjera en Chile: 1974-1999

Wedi'i Gadw mewn:
Manylion Llyfryddiaeth
Awdur Corfforaethol: Comité de Inversiones Extranjeras (Awdur)
Fformat: Llyfr
Iaith:Sbaeneg
Cyhoeddwyd: Santiago Mario Benavente J 2000
Pynciau:
Tagiau: Ychwanegu Tag
Dim Tagiau, Byddwch y cyntaf i dagio'r cofnod hwn!

MARC

LEADER 00000nam a2200000 a 4500
001 UCN3712
003 CL-VaPUC
008 010706e20000000CL |||||||||||||||||spa|d
082 0 4 |a 332.673  |b COM  |2 21 
110 2 |a Comité de Inversiones Extranjeras  |e author  |9 460377 
245 1 0 |a Trayectoria de la inversión extranjera en Chile: 1974-1999 
300 |a 90 p 
942 |c BK 
945 |d 20010706 00:00:00  |a cmena 
260 |a Santiago  |b Mario Benavente J  |c 2000 
650 7 |a INVERSION EXTRANJERA  |2 CL-VaPUC  |9 345101 
650 0 |a Multinacionales  |9 256382 
650 0 |a Desarrollo económico y social   |9 256320 
650 0 |a Proyectos de inversión   |9 261065 
650 0 |a Desarrollo industrial  |9 322675 
651 7 |a CHILE  |2 CL-VaPUC  |9 460378 
583 |a last modification  |c 20180125 10:54:41  |k Rodrigo Vera 
999 |c 296496  |d 296494 
952 |0 0  |1 0  |4 0  |6 332_673000000000000_COM_2000  |7 0  |8 A  |9 350294  |a BIBGIM  |b BIBGIM  |d 2019-11-20  |i 3738256  |o 332.673 COM 2000  |p 3738256  |r 2025-01-15  |w 2019-11-20  |y BK  |k GIM 
952 |0 0  |1 0  |4 0  |6 332_673000000000000_COM_2000  |7 0  |8 A  |9 350295  |a BIBGIM  |b BIBGIM  |d 2019-11-20  |i 3738264  |o 332.673 COM 2000  |p 3738264  |r 2025-01-15  |w 2019-11-20  |y BK  |k GIM 
952 |0 0  |1 0  |4 0  |6 332_673000000000000_COM_2000  |7 0  |8 A  |9 350296  |a BIBGIM  |b BIBGIM  |d 2019-11-20  |i 3713857  |o 332.673 COM 2000  |p 3713857  |r 2025-01-15  |w 2019-11-20  |y BK  |k GIM 
952 |0 0  |1 0  |4 0  |6 332_673000000000000_COM_2000  |7 0  |8 A  |9 350297  |a BIBGIM  |b BIBGIM  |d 2019-11-20  |i 3713865  |o 332.673 COM 2000  |p 3713865  |r 2025-01-15  |w 2019-11-20  |y BK  |k GIM 
952 |0 0  |1 0  |4 0  |6 332_673000000000000_COM_2000  |7 0  |8 A  |9 350298  |a BIBGIM  |b BIBGIM  |d 2019-11-20  |i 3713873  |o 332.673 COM 2000  |p 3713873  |r 2025-01-15  |w 2019-11-20  |y BK  |k GIM